| 000 | 01045nam 22002293 4500 | ||
|---|---|---|---|
| 001 | 198260 | ||
| 010 | _a978-989-8868-27-5 | ||
| 021 |
_aPT _b445308/18 |
||
| 090 | _a198260 | ||
| 100 | _a20251003d u||y0pory50 ba | ||
| 200 |
_aImpossível _ftexto e ilustrações Catarina Sobral |
||
| 205 | _a1ª | ||
| 210 |
_aLisboa _cOrfeu Negro _d2018 |
||
| 215 |
_a[36] p. _cil. ; encadernado _d29 cm |
||
| 225 | _aOrfeu Mini | ||
| 330 | _aParece impossível mas é verdade: tudo começou quando TUDO estava no mesmo sítio. Não sabemos como apareceu, mas sabemos que o Universo teve origem num espaço mais pequeno que a ponta do lápis mais bem afiado do mundo! Impossível conta a história do Universo, bem vista de perto (e a vários anos-luz), desde o Big Bang ao aparecimento do homem, e leva-nos numa longa viagem entre partículas, estrelas e dinossauros. | ||
| 606 |
_922 _aLiteratura Infantil Portuguesa |
||
| 675 |
_a821.134.3-93 _vPT _zpor |
||
| 700 |
_9575 _aSobral _bCatarina _f1985- |
||
| 801 |
_aPT _bBMMN _gRPC |
||
| 830 | _cIsabel | ||
| 990 | _cLIVROS | ||